000 00575cam a22002051 4500
001 med48001285
003 DLC
005 20260227111611.0
008 810920s1947 xx a 000 0 fre
010 _amed48001285
035 _a(OCoLC)14752871
040 _aDLC
_cDNLM
_dDLC
042 _apremarc
050 0 0 _aQM531
_b.T53
060 0 _aWN 160
_bT577a 1947
100 1 _aTillier, Henry.
245 1 0 _aAnatomie radiologique normale,
_boptique radiologique et dépistage des erreurs de lecture des clichés.
260 _aParis,
_bDoin,
_c1947.
300 _a233 p.
_bill.
999 _c39005
_d39005